000
00429nam a2200145Ia 4500
008
100204s9999 xx 000 0 und d
082
_b
1437
100
_a
कुलकर्णी गोपाळ दत्त
245
_a
विराट
260
_b
"सुरस प्रकाशन , सोलापूर"
_c
1974
300
_a
84
630
_a
विराट
730
_a
विराट
942
_c
BOOK
999
_c
446599
_d
446596